00303nam a2200097Ia 4500008004100000020001500041100002400056245007300080260003300153300001900186180205s9999 xx 000 0 und d a9711105683 aMejorada, Nenita D. aIntroduction to management accounting :b(for non-accounting majors) aQuezon CitybJMC pressc1998 avii, 149 pages